000 00762nam a2200205 a 4500
003 0
005 20250526091911.0
008 021127s19uu xx 00 eng d
050 _aPGS HQ 759.915
_b.Ev92 2001
100 _aEvaristo, Monique.
245 _aEffects of single parenting to a child school year 200-2001 /
_cMonique Evaristo.
260 _aLas PiƱas City, Philippines :
_bSouthville International School and Colleges,
_c2001.
300 _a21 pages :
_billustrations ;
_c28 cm.
504 _aIncludes bibliographical references.
650 _aSingle parents.
650 _aChildren of single parents.
650 _aSingle-parent families
_vPsychological aspects.
650 _aSingle-parent families
_vSocial conditions.
942 _2lcc
_cPASS
999 _c96522
_d96522